000 00350 a2200169 4500
001 186229
020 _a978-85-357-0608-6
040 _cMagnum
100 _aShakespeare, William
240 1 0 _aTrês amores
_lpor
245 1 0 _aTrês amores
300 _a126
362 0 _a2006
440 1 _aAtual
697 _aLITERATURA JUVENIL
942 _cBK
999 _c186229
_d186229